[Event "DEM U16 2006"]
[Site "Willingen GER"]
[Date "2006.06.06"]
[Round "4"]
[White "Werthebach, Felix"]
[Black "Tereick, Benjamin"]
[Result "0-1"]
[Termination "normal"]
[Board "4"]
[WhiteElo "2081"]
[BlackElo "2238"]
[PlyCount "92"]
[WhiteFideId "24609684"]
[BlackFideId "24607541"]
[EventCountry "GER"]
[EventRounds "9"]
[EventType "swiss"]
[EventDate "2006.06.03"]

1. c4 b6 2. Nc3 Bb7 3. e4 e6 4. g3 f5 5. d3 Bb4 6. Bg2 Nf6 7. Bd2 O-O 8. Nge2
fxe4 9. Nxe4 Bc5 10. f3 Nxe4 11. dxe4 d5 12. cxd5 exd5 13. b4 Bd6 14. f4 Qe7
15. O-O c5 16. exd5 cxb4 17. Re1 Bc5+ 18. Kh1 Qd6 19. Qb3 a5 20. Rad1 a4 21.
Qd3 Nd7 22. Bc1 Nf6 23. Bf3 Rad8 24. Bb2 Bxd5 25. Be5 Bxf3+ 26. Qxf3 Qxd1 27.
Rxd1 Rxd1+ 28. Kg2 Rfd8 29. Bxf6 gxf6 30. Qg4+ Kh8 31. Qf5 R8d6 32. Qc8+ Kg7
33. Qb7+ Rd7 34. Qf3 R1d2 35. Qg4+ Kh8 36. Kh3 Re7 37. Qc8+ Kg7 38. Qg4+ Kf8
39. Qc8+ Re8 40. Qf5 Rexe2 41. Qxf6+ Ke8 42. Qc6+ Kd8 43. Qa8+ Kc7 44. Qa7+ Kd6
45. Qb8+ Kc6 46. Qa8+ Kb5 0-1

[Event "DEM U16 2006"]
[Site "Willingen GER"]
[Date "2006.06.06"]
[Round "4"]
[White "Müller, Reinhold"]
[Black "Ohme, Melanie"]
[Result "1/2-1/2"]
[Termination "normal"]
[Board "5"]
[WhiteElo "2114"]
[BlackElo "2081"]
[PlyCount "65"]
[WhiteFideId "24605875"]
[BlackFideId "4690745"]
[EventCountry "GER"]
[EventRounds "9"]
[EventType "swiss"]
[EventDate "2006.06.03"]

1. d4 Nf6 2. c4 g6 3. Nc3 Bg7 4. e4 d6 5. f4 O-O 6. Nf3 c5 7. d5 b5 8. cxb5 a6
9. a4 e6 10. dxe6 fxe6 11. e5 dxe5 12. Qxd8 Rxd8 13. Nxe5 Nfd7 14. Nf3 Nb6 15.
Ne4 axb5 16. Bxb5 Bd7 17. Bxd7 N8xd7 18. a5 Nc4 19. O-O Nxb2 20. Bxb2 Bxb2 21.
Ra2 Bd4+ 22. Nxd4 cxd4 23. Rd1 e5 24. Ng5 Ra6 25. Nf3 Rda8 26. fxe5 Rxa5 27.
Rxa5 Rxa5 28. e6 Nc5 29. Nxd4 Ra6 30. Re1 Kf8 31. e7+ Ke8 32. Nb5 Ne6 33. Kf2
1/2-1/2

[Event "DEM U16 2006"]
[Site "Willingen GER"]
[Date "2006.06.06"]
[Round "4"]
[White "Schlötzer, Waldemar"]
[Black "Kaczmarczyk, Dennis"]
[Result "0-1"]
[Termination "normal"]
[Board "6"]
[WhiteElo "2094"]
[BlackElo "2075"]
[PlyCount "102"]
[WhiteFideId "24602140"]
[BlackFideId "24608297"]
[EventCountry "GER"]
[EventRounds "9"]
[EventType "swiss"]
[EventDate "2006.06.03"]

1. d4 Nf6 2. c4 e5 3. dxe5 Ng4 4. Bf4 Bb4+ 5. Nd2 d6 6. Ngf3 dxe5 7. Bxe5 Bxd2+
8. Qxd2 Qxd2+ 9. Kxd2 Nxf2 10. Rg1 O-O 11. e3 Ne4+ 12. Kc2 Na6 13. Rd1 Re8 14.
a3 Bf5 15. Kb3 f6 16. Bd4 c5 17. Bc3 Nxc3 18. bxc3 Rxe3 19. Nh4 Bg4 20. Rd6 Re1
21. Nf3 Bxf3 22. gxf3 Nc7 23. Kc2 Rae8 24. Rd7 R8e7 25. Rxe7 Rxe7 26. Bd3 g6
27. h4 Re5 28. Be4 b6 29. Rd1 Kf7 30. h5 f5 31. hxg6+ hxg6 32. Bc6 Kf6 33. f4
Re6 34. Bb7 Re2+ 35. Kd3 Re7 36. Rf1 Ne6 37. Bd5 Rh7 38. Rf3 Rh3 39. Ke3 Rxf3+
40. Kxf3 g5 41. fxg5+ Nxg5+ 42. Kf4 Ne6+ 43. Kf3 Ke5 44. Ke3 Ng5 45. Bc6 f4+
46. Kd3 Nf7 47. Bd5 Nd6 48. a4 Kf5 49. Bf3 Kg5 50. Bd5 Kg4 51. Ke2 Kg3 0-1

[Event "DEM U16 2006"]
[Site "Willingen GER"]
[Date "2006.06.06"]
[Round "4"]
[White "Dinger, Florian"]
[Black "Englert, Fabian"]
[Result "0-1"]
[Termination "normal"]
[Board "7"]
[WhiteElo "2205"]
[BlackElo "2068"]
[PlyCount "72"]
[WhiteFideId "24605573"]
[BlackFideId "24614467"]
[EventCountry "GER"]
[EventRounds "9"]
[EventType "swiss"]
[EventDate "2006.06.03"]

1. e4 g6 2. d4 Bg7 3. Be3 d6 4. Nc3 a6 5. a4 b6 6. Bc4 e6 7. Nge2 Ne7 8. Qd2 h6
9. f3 Nd7 10. g4 c6 11. Ng3 d5 12. Bb3 Bb7 13. Nce2 c5 14. c3 dxe4 15. fxe4 Nf6
16. Rf1 Nxg4 17. Nf4 Nxe3 18. Qxe3 cxd4 19. Qf2 O-O 20. O-O-O Qc7 21. Qc2 dxc3
22. Kb1 Rad8 23. Rc1 Qd6 24. Rcd1 Qc6 25. bxc3 Qxc3 26. Qxc3 Bxc3 27. Nxe6
Rxd1+ 28. Rxd1 fxe6 29. Bxe6+ Kh8 30. Rd7 Bc8 31. Rxe7 Bb4 32. Bxc8 Bxe7 33.
Bxa6 Rf2 34. Nf1 Bd6 35. Kc1 Bxh2 36. Nxh2 Rxh2 0-1

[Event "DEM U16 2006"]
[Site "Willingen GER"]
[Date "2006.06.06"]
[Round "4"]
[White "Rudolf, Sebastian"]
[Black "Müller, Jan-Hendrik"]
[Result "1/2-1/2"]
[Termination "normal"]
[Board "8"]
[WhiteElo "1989"]
[BlackElo "1978"]
[PlyCount "35"]
[WhiteFideId "24609390"]
[BlackFideId "24615048"]
[EventCountry "GER"]
[EventRounds "9"]
[EventType "swiss"]
[EventDate "2006.06.03"]

1. e4 Nf6 2. e5 Nd5 3. d4 d6 4. Nf3 dxe5 5. Nxe5 c6 6. Bd3 Nd7 7. Nxd7 Bxd7 8.
O-O g6 9. c3 Bg7 10. Nd2 O-O 11. Nc4 Rc8 12. Ne5 c5 13. Nxd7 Qxd7 14. dxc5 Rxc5
15. Qf3 Nxc3 16. Be3 Ra5 17. bxc3 Qxd3 18. Qxb7 1/2-1/2

[Event "DEM U16 2006"]
[Site "Willingen GER"]
[Date "2006.06.06"]
[Round "4"]
[White "Becker, Carsten"]
[Black "Seemann, Semjon"]
[Result "0-1"]
[Termination "normal"]
[Board "9"]
[WhiteElo "1840"]
[BlackElo "1950"]
[PlyCount "42"]
[WhiteFideId "24646822"]
[BlackFideId "24624080"]
[EventCountry "GER"]
[EventRounds "9"]
[EventType "swiss"]
[EventDate "2006.06.03"]

1. d4 Nf6 2. Nf3 e6 3. Bf4 b6 4. Nbd2 Bb7 5. e3 Be7 6. Bd3 c5 7. c3 d5 8. h3
O-O 9. O-O Nbd7 10. Ne5 Ne4 11. f3 Nxd2 12. Qxd2 Nxe5 13. Bxe5 f6 14. Bh2 Bd6
15. Bxd6 Qxd6 16. Rfe1 Rad8 17. Rad1 Rfe8 18. Qc2 h6 19. Bg6 Re7 20. e4 cxd4
21. Rxd4 Qg3 0-1

[Event "DEM U16 2006"]
[Site "Willingen GER"]
[Date "2006.06.06"]
[Round "4"]
[White "Heider, Martin"]
[Black "Holgert, Michael"]
[Result "1-0"]
[Termination "normal"]
[Board "10"]
[WhiteElo "1944"]
[BlackElo "1863"]
[PlyCount "67"]
[BlackFideId "24668990"]
[EventCountry "GER"]
[EventRounds "9"]
[EventType "swiss"]
[EventDate "2006.06.03"]

1. e4 c5 2. Nf3 e6 3. d4 cxd4 4. Nxd4 a6 5. Bd3 Qc7 6. O-O Nf6 7. Kh1 d6 8. f4
Nbd7 9. Nc3 b5 10. Re1 Bb7 11. a3 h5 12. Be3 Be7 13. Bg1 Rc8 14. Qf3 Qb8 15.
Rad1 Rxc3 16. bxc3 Nc5 17. Rd2 Nfxe4 18. Bxe4 Nxe4 19. Rxe4 f5 20. Qg3 Bxe4 21.
Qg6+ Kd8 22. Nxe6+ Kc8 23. Qxg7 Re8 24. Qf7 Bc6 25. Ng7 Kd8 26. Nxe8 Bxe8 27.
Qxf5 Qb7 28. Qe6 h4 29. h3 Bd7 30. Qd5 Bc6 31. Qg8+ Kc7 32. Qf7 Kc8 33. Qe6+
Bd7 34. Qxe7 1-0

[Event "DEM U16 2006"]
[Site "Willingen GER"]
[Date "2006.06.06"]
[Round "4"]
[White "Glantz, Robert"]
[Black "Schwenke, Vincent"]
[Result "1-0"]
[Termination "normal"]
[Board "11"]
[WhiteElo "1926"]
[BlackElo "1794"]
[PlyCount "79"]
[WhiteFideId "24629596"]
[BlackFideId "24620467"]
[EventCountry "GER"]
[EventRounds "9"]
[EventType "swiss"]
[EventDate "2006.06.03"]

1. e4 c6 2. d4 d5 3. Nc3 dxe4 4. Nxe4 Nf6 5. Nxf6+ exf6 6. c3 Bf5 7. Ne2 Bd6 8.
Ng3 Bg6 9. Bd3 Qe7+ 10. Be3 O-O 11. Qd2 Nd7 12. O-O-O Rfe8 13. Nf5 Bxf5 14.
Bxf5 Nb6 15. Rhe1 Qc7 16. Qc2 g6 17. Bd3 Bf4 18. g3 Bxe3+ 19. fxe3 f5 20. Qg2
Nd5 21. Qf3 Nf6 22. h3 Ne4 23. g4 fxg4 24. hxg4 Ng5 25. Qg2 Qa5 26. Kb1 Re7 27.
e4 f6 28. Re3 Rae8 29. Rde1 Qc7 30. Qe2 Nf7 31. Qf2 Kg7 32. Rf1 Qd6 33. Rf3 Ng5
34. Rxf6 Qd7 35. Qf4 Ne6 36. Qe5 Kg8 37. Bc4 b5 38. Bb3 a5 39. Qf4 Kg7 40. Bxe6
1-0

[Event "DEM U16 2006"]
[Site "Willingen GER"]
[Date "2006.06.06"]
[Round "4"]
[White "Isakson, Alex"]
[Black "Mangold, Thomas"]
[Result "1/2-1/2"]
[Termination "normal"]
[Board "12"]
[WhiteElo "1905"]
[BlackElo "1646"]
[PlyCount "65"]
[WhiteFideId "24637351"]
[BlackFideId "24671665"]
[EventCountry "GER"]
[EventRounds "9"]
[EventType "swiss"]
[EventDate "2006.06.03"]

1. e4 c5 2. Nf3 Nc6 3. d4 cxd4 4. Nxd4 e5 5. Nb5 d6 6. N1c3 a6 7. Na3 f5 8. Bd3
Nge7 9. Bg5 Nb4 10. Bxe7 Nxd3+ 11. Qxd3 Qxe7 12. Nd5 Qf7 13. Qc4 Be6 14. Nc7+
Ke7 15. Nxe6 Qxe6 16. Qc7+ Qd7 17. Qxd7+ Kxd7 18. exf5 d5 19. Rd1 Bxa3 20. bxa3
Kd6 21. Rb1 Rac8 22. Kd2 Rc7 23. Rb6+ Kc5 24. Rhb1 Rb8 25. Rxa6 bxa6 26. Rxb8
Rf7 27. Ke2 Rxf5 28. Rb7 Rg5 29. g3 Rg6 30. Kd3 h5 31. Rf7 Rg4 32. Kc3 h4 33.
Rf5 1/2-1/2

[Event "DEM U16 2006"]
[Site "Willingen GER"]
[Date "2006.06.06"]
[Round "4"]
[White "Savchenko, Aleksij"]
[Black "Kalisch, Michael"]
[Result "1-0"]
[Termination "normal"]
[Board "13"]
[WhiteElo "2074"]
[BlackElo "1824"]
[PlyCount "61"]
[WhiteFideId "24611727"]
[EventCountry "GER"]
[EventRounds "9"]
[EventType "swiss"]
[EventDate "2006.06.03"]

1. d4 d5 2. c4 e6 3. Nc3 Nf6 4. cxd5 exd5 5. Bg5 Be7 6. e3 c6 7. Bd3 O-O 8. Qc2
Nbd7 9. Nge2 Re8 10. O-O Nf8 11. f3 Be6 12. Rad1 Qd7 13. Kh1 Rad8 14. e4 dxe4
15. fxe4 Ng4 16. Bc1 Nf6 17. d5 cxd5 18. Bb5 Qc7 19. Bxe8 Rxe8 20. Bf4 Bd6 21.
exd5 Bxf4 22. Nxf4 Bg4 23. Rc1 Qe5 24. h3 Bf5 25. Qd2 Ne4 26. Nxe4 Bxe4 27. Qf2
Qf5 28. Qg3 Qe5 29. Kh2 Qxb2 30. Rc7 Qe5 31. Rxb7 1-0

[Event "DEM U16 2006"]
[Site "Willingen GER"]
[Date "2006.06.06"]
[Round "4"]
[White "Falke, Isaak"]
[Black "Fink, Leander"]
[Result "0-1"]
[Termination "normal"]
[Board "14"]
[WhiteElo "1944"]
[BlackElo "1997"]
[PlyCount "78"]
[WhiteFideId "24614483"]
[BlackFideId "24605247"]
[EventCountry "GER"]
[EventRounds "9"]
[EventType "swiss"]
[EventDate "2006.06.03"]

1. d4 Nf6 2. Nf3 g6 3. Bf4 Nh5 4. Bg3 Bg7 5. c3 d5 6. e3 Nd7 7. Nbd2 O-O 8. Bd3
c5 9. O-O Nxg3 10. hxg3 e5 11. dxe5 Nxe5 12. Nxe5 Bxe5 13. e4 d4 14. cxd4 cxd4
15. Qe2 Be6 16. f4 Bc7 17. f5 Bd7 18. Qg4 h5 19. Qh4 Qxh4 20. gxh4 Bc6 21. Nf3
Rae8 22. Rae1 Bg3 23. Re2 gxf5 24. exf5 Rxe2 25. Bxe2 Re8 26. Nxd4 Bc7 27. Kh1
Re4 28. Nxc6 Rxh4+ 29. Kg1 Bb6+ 30. Rf2 bxc6 31. g3 Rb4 32. b3 h4 33. Kg2 h3+
34. Kf3 Bxf2 35. Kxf2 Rd4 36. Ke3 h2 37. Bf3 Rd1 38. Ke2 h1=Q 39. Bxh1 Rxh1 0-1

[Event "DEM U16 2006"]
[Site "Willingen GER"]
[Date "2006.06.06"]
[Round "5"]
[White "Beck, Frederik"]
[Black "Baldauf, Marco"]
[Result "1/2-1/2"]
[Termination "normal"]
[Board "1"]
[WhiteElo "2225"]
[BlackElo "2128"]
[PlyCount "63"]
[WhiteFideId "4687388"]
[BlackFideId "4688210"]
[EventCountry "GER"]
[EventRounds "9"]
[EventType "swiss"]
[EventDate "2006.06.03"]

1. e4 e6 2. d4 d5 3. e5 c5 4. c3 Bd7 5. Nf3 Qb6 6. Bd3 Bb5 7. dxc5 Bxc5 8. b4
Bxd3 9. Qxd3 Be7 10. O-O Nc6 11. a3 Nh6 12. Bf4 Nf5 13. Nbd2 Rd8 14. Rad1 O-O
15. Rfe1 a6 16. Qc2 a5 17. Nb3 Ra8 18. g4 Nh6 19. h3 axb4 20. axb4 Rfc8 21. Qd2
Bf8 22. Nc5 Qc7 23. Rc1 Na5 24. Nxe6 fxe6 25. bxa5 Rxa5 26. Nd4 Qd7 27. Bxh6
gxh6 28. f4 Bc5 29. Kh1 Bxd4 30. cxd4 Ra3 31. Rxc8+ Qxc8 32. Rc1 1/2-1/2

[Event "DEM U16 2006"]
[Site "Willingen GER"]
[Date "2006.06.06"]
[Round "5"]
[White "Tereick, Benjamin"]
[Black "Klein, Felix"]
[Result "1/2-1/2"]
[Termination "normal"]
[Board "2"]
[WhiteElo "2238"]
[BlackElo "2176"]
[PlyCount "131"]
[WhiteFideId "24607541"]
[BlackFideId "24600458"]
[EventCountry "GER"]
[EventRounds "9"]
[EventType "swiss"]
[EventDate "2006.06.03"]

1. c4 e6 2. g3 d5 3. Bg2 Nf6 4. Nf3 dxc4 5. Ne5 Nbd7 6. Nxc4 Rb8 7. d4 b6 8. e4
Bb7 9. Qe2 Be7 10. O-O O-O 11. Bf4 Ne8 12. Nc3 Bg5 13. Bxg5 Qxg5 14. Rfd1 Nd6
15. Nxd6 cxd6 16. Nb5 Ba6 17. Bf1 Rbc8 18. f4 Qe7 19. Qd2 Bxb5 20. Bxb5 Rc7 21.
Rac1 Rfc8 22. Ba6 Rxc1 23. Rxc1 Rxc1+ 24. Qxc1 Qd8 25. b4 Kf8 26. Bc8 Nf6 27.
Bb7 Qd7 28. Bc6 Qc7 29. Qc2 b5 30. Kf1 Ng4 31. Ke2 Nxh2 32. e5 Ng4 33. exd6
Qxd6 34. Qc5 Qxc5 35. dxc5 Nf6 36. Kf3 Nd5 37. Bxd5 exd5 38. Ke3 Ke7 39. Kd4
Ke6 40. f5+ Kd7 41. Kxd5 Kc7 42. g4 h6 43. Ke5 Kc6 44. Ke4 Kd7 45. Kf4 Kc6 46.
Kg3 Kd5 47. Kh4 a5 48. a3 axb4 49. axb4 g6 50. fxg6 fxg6 51. Kg3 g5 52. Kf3 Ke5
53. c6 Kd6 54. Ke4 Kxc6 55. Ke5 Kc7 56. Kd5 Kb6 57. Kd6 h5 58. gxh5 g4 59. h6
g3 60. h7 g2 61. h8=Q g1=Q 62. Qd8+ Ka7 63. Kc6 Qg2+ 64. Kxb5 Qe2+ 65. Kc5 Qc2+
66. Kb5 1/2-1/2

[Event "DEM U16 2006"]
[Site "Willingen GER"]
[Date "2006.06.06"]
[Round "5"]
[White "Englert, Fabian"]
[Black "Schneider, David"]
[Result "0-1"]
[Termination "normal"]
[Board "3"]
[WhiteElo "2068"]
[BlackElo "2188"]
[PlyCount "88"]
[WhiteFideId "24614467"]
[BlackFideId "4697111"]
[EventCountry "GER"]
[EventRounds "9"]
[EventType "swiss"]
[EventDate "2006.06.03"]

1. e4 c5 2. a3 Nc6 3. b4 cxb4 4. axb4 Nxb4 5. d4 d6 6. c3 Nc6 7. Qa4 Bd7 8. d5
Ne5 9. Qd4 a6 10. f4 Ng6 11. Nf3 Qc7 12. Bd3 e5 13. dxe6 fxe6 14. e5 d5 15.
Bxg6+ hxg6 16. Ba3 Bxa3 17. Rxa3 Ne7 18. g4 Rc8 19. Nbd2 Qc5 20. Qxc5 Rxc5 21.
Kf2 O-O 22. Ke3 Rfc8 23. Nb1 Nc6 24. Rc1 Na7 25. Nd4 Nb5 26. Nxb5 Bxb5 27. Rd1
Rc4 28. Rd4 Rxd4 29. cxd4 Rc2 30. Rc3 Rxh2 31. Rc7 Re2+ 32. Kf3 Rb2 33. Nc3 a5
34. Kg3 Bc6 35. Kh4 a4 36. Kg5 Kh7 37. Rxc6 bxc6 38. Nxa4 Rc2 39. Nc5 Rxc5 40.
dxc5 d4 41. f5 d3 42. fxe6 d2 43. e7 d1=Q 44. e8=Q Qd2+ 0-1

[Event "DEM U16 2006"]
[Site "Willingen GER"]
[Date "2006.06.06"]
[Round "5"]
[White "Kaczmarczyk, Dennis"]
[Black "Lubbe, Nikolas"]
[Result "0-1"]
[Termination "normal"]
[Board "4"]
[WhiteElo "2075"]
[BlackElo "2263"]
[PlyCount "74"]
[WhiteFideId "24608297"]
[BlackFideId "4694031"]
[EventCountry "GER"]
[EventRounds "9"]
[EventType "swiss"]
[EventDate "2006.06.03"]

1. d4 e6 2. Nf3 c5 3. e3 Nf6 4. Bd3 b6 5. O-O Bb7 6. Nbd2 Be7 7. c3 d6 8. Qe2
Nbd7 9. e4 e5 10. d5 O-O 11. Re1 Nh5 12. Nf1 f5 13. Ng3 Nxg3 14. hxg3 fxe4 15.
Bxe4 Nf6 16. c4 Nxe4 17. Qxe4 Bc8 18. g4 Bd7 19. Nh2 a6 20. Nf1 b5 21. b3 bxc4
22. bxc4 Rb8 23. g3 Bg5 24. Ne3 Qa5 25. Nf5 Rxf5 26. gxf5 Bxf5 27. Qe2 Bf6 28.
Bd2 Qa3 29. g4 Bd3 30. Qe3 e4 31. Rab1 Rf8 32. Rb3 Qxa2 33. Rxd3 exd3 34. Qe6+
Kh8 35. Qxd6 Rg8 36. Qf4 Bd4 37. Rc1 g5 0-1

[Event "DEM U16 2006"]
[Site "Willingen GER"]
[Date "2006.06.06"]
[Round "5"]
[White "Carlstedt, Jonathan"]
[Black "Müller, Reinhold"]
[Result "0-1"]
[Termination "normal"]
[Board "5"]
[WhiteElo "2094"]
[BlackElo "2114"]
[PlyCount "68"]
[WhiteFideId "24614386"]
[BlackFideId "24605875"]
[EventCountry "GER"]
[EventRounds "9"]
[EventType "swiss"]
[EventDate "2006.06.03"]

1. c4 Nf6 2. g3 g6 3. Bg2 Bg7 4. Nc3 O-O 5. e4 d6 6. Nge2 e5 7. O-O Nc6 8. d3
Be6 9. f4 Qd7 10. Nd5 Bxd5 11. exd5 Ne7 12. d4 exd4 13. Nxd4 Rfe8 14. b3 Rad8
15. Bb2 a6 16. Qd2 c5 17. dxc6 bxc6 18. Rad1 d5 19. Nf3 Ne4 20. Qc2 Bxb2 21.
Qxb2 Nf5 22. Ne5 Qa7+ 23. Kh1 Ne3 24. Rde1 Nxf1 25. Bxe4 dxe4 26. Ng4 Rd2 27.
Qf6 Rxh2+ 28. Nxh2 Nxh2 29. Qxc6 Re6 30. Qc8+ Kg7 31. c5 Nf3 32. Re3 Nd4 33. b4
a5 34. g4 axb4 0-1

[Event "DEM U16 2006"]
[Site "Willingen GER"]
[Date "2006.06.06"]
[Round "5"]
[White "Ohme, Melanie"]
[Black "Schlötzer, Waldemar"]
[Result "1-0"]
[Termination "normal"]
[Board "6"]
[WhiteElo "2081"]
[BlackElo "2094"]
[PlyCount "77"]
[WhiteFideId "4690745"]
[BlackFideId "24602140"]
[EventCountry "GER"]
[EventRounds "9"]
[EventType "swiss"]
[EventDate "2006.06.03"]

1. e4 c5 2. Nf3 Nc6 3. d4 cxd4 4. Nxd4 Nf6 5. Nc3 e5 6. Ndb5 d6 7. Bg5 a6 8.
Na3 b5 9. Nd5 Be7 10. Bxf6 Bxf6 11. c3 Bg5 12. Nc2 O-O 13. a4 bxa4 14. Rxa4 a5
15. Bc4 Rb8 16. b3 Kh8 17. h4 Bh6 18. g4 Bf4 19. Ra2 h5 20. f3 hxg4 21. fxg4
Bg3+ 22. Ke2 Bxh4 23. Nce3 g6 24. g5 Qxg5 25. Qe1 Kg7 26. Rxh4 Be6 27. Kd1 Rh8
28. Rah2 Rxh4 29. Rxh4 Rh8 30. Rxh8 Kxh8 31. b4 axb4 32. Nxb4 Bxc4 33. Nxc4
Nxb4 34. cxb4 Qg4+ 35. Qe2 Qd7 36. Kc2 Qa4+ 37. Kc3 Qc6 38. Qd3 Kg7 39. Kb3 1-0

[Event "DEM U16 2006"]
[Site "Willingen GER"]
[Date "2006.06.06"]
[Round "5"]
[White "Seemann, Semjon"]
[Black "Werthebach, Felix"]
[Result "0-1"]
[Termination "normal"]
[Board "7"]
[WhiteElo "1950"]
[BlackElo "2081"]
[PlyCount "56"]
[WhiteFideId "24624080"]
[BlackFideId "24609684"]
[EventCountry "GER"]
[EventRounds "9"]
[EventType "swiss"]
[EventDate "2006.06.03"]

1. e4 c5 2. Nf3 e6 3. d4 cxd4 4. Nxd4 Nf6 5. Nc3 d6 6. Be3 a6 7. f3 b5 8. Qd2
Nbd7 9. g4 Nb6 10. Bd3 Nc4 11. Bxc4 bxc4 12. O-O-O Qc7 13. g5 Nd7 14. h4 g6 15.
h5 Rg8 16. hxg6 hxg6 17. f4 Rb8 18. f5 Qb7 19. b3 Nc5 20. fxe6 fxe6 21. Rdf1
Nxe4 22. Nxe4 Qxe4 23. Qf2 Rb7 24. Rh4 Qd5 25. Qf6 e5 26. bxc4 Qxc4 27. Re4 Be7
28. Nc6 Qxe4 0-1

[Event "DEM U16 2006"]
[Site "Willingen GER"]
[Date "2006.06.06"]
[Round "5"]
[White "Rudolf, Sebastian"]
[Black "Heider, Martin"]
[Result "1-0"]
[Termination "normal"]
[Board "8"]
[WhiteElo "1989"]
[BlackElo "1944"]
[PlyCount "119"]
[WhiteFideId "24609390"]
[EventCountry "GER"]
[EventRounds "9"]
[EventType "swiss"]
[EventDate "2006.06.03"]

1. e4 c5 2. Nf3 Nc6 3. d4 cxd4 4. Nxd4 Nf6 5. Nc3 e5 6. Ndb5 d6 7. Bg5 a6 8.
Na3 b5 9. Nd5 Be7 10. Bxf6 Bxf6 11. c3 O-O 12. h4 Be6 13. Nc2 Bxd5 14. exd5 Na5
15. Ne3 g6 16. Qg4 h5 17. Qe4 Nb7 18. g4 Nc5 19. Qg2 Qa5 20. Be2 e4 21. O-O Qc7
22. gxh5 Kh8 23. hxg6 fxg6 24. Qh3 Rf7 25. Qg4 Rh7 26. Kg2 Bxh4 27. Rh1 Qe7 28.
Rh3 Rf8 29. Rf1 Rh5 30. Kh1 Rh7 31. Kg2 Nd7 32. f4 exf3+ 33. Rhxf3 Rxf3 34.
Qxf3 Bf6 35. Ng4 Be5 36. Nxe5 dxe5 37. Qg3 Kg7 38. a4 Rh8 39. axb5 axb5 40. Bg4
Nf6 41. Bf5 Qf7 42. Be6 Qc7 43. Qg5 Ne4 44. Qe3 Nf6 45. Ra1 Rb8 46. Ra6 Nd7 47.
Bxd7 Qxd7 48. Qxe5+ Kh7 49. Qxb8 Qxd5+ 50. Kf2 Qd2+ 51. Kf3 Qd3+ 52. Kf4 Qf1+
53. Ke5 Qe2+ 54. Kf6 Qf2+ 55. Ke7 Qe3+ 56. Re6 Qc5+ 57. Qd6 Qa7+ 58. Ke8 Qa8+
59. Qd8 Qxd8+ 60. Kxd8 1-0

[Event "DEM U16 2006"]
[Site "Willingen GER"]
[Date "2006.06.06"]
[Round "5"]
[White "Glantz, Robert"]
[Black "Isakson, Alex"]
[Result "1-0"]
[Termination "normal"]
[Board "9"]
[WhiteElo "1926"]
[BlackElo "1905"]
[PlyCount "85"]
[WhiteFideId "24629596"]
[BlackFideId "24637351"]
[EventCountry "GER"]
[EventRounds "9"]
[EventType "swiss"]
[EventDate "2006.06.03"]

1. e4 Nc6 2. d4 d5 3. e5 f6 4. f4 Bf5 5. Nf3 Be4 6. Be2 Qd7 7. c3 Nh6 8. Na3
Nf7 9. b3 O-O-O 10. Nc2 e6 11. Be3 Be7 12. Qd2 Rhg8 13. O-O-O f5 14. Rhg1 Rdf8
15. Kb2 h6 16. Nb4 g5 17. Bb5 Bxb4 18. cxb4 gxf4 19. Bxf4 Rg6 20. Nh4 Rg4 21.
g3 Ng5 22. Be2 Nh3 23. Bxg4 Nxg1 24. Bh5 Nh3 25. Ng6 Rg8 26. Be3 Qh7 27. b5 Nd8
28. Nh4 Ng5 29. Rc1 Kb8 30. Qb4 Qd7 31. a4 b6 32. Ng6 Bf3 33. Bxg5 Bxh5 34.
Bxd8 Qxd8 35. Ne7 Qf8 36. Nc6+ Kb7 37. Qc3 Qf7 38. a5 Qd7 39. Qb4 Re8 40. Rc2
Bf7 41. Qa3 Bg6 42. axb6 cxb6 43. Qxa7+ *

[Event "DEM U16 2006"]
[Site "Willingen GER"]
[Date "2006.06.06"]
[Round "5"]
[White "Mangold, Thomas"]
[Black "Dinger, Florian"]
[Result "0-1"]
[Termination "normal"]
[Board "10"]
[WhiteElo "1646"]
[BlackElo "2205"]
[PlyCount "88"]
[WhiteFideId "24671665"]
[BlackFideId "24605573"]
[EventCountry "GER"]
[EventRounds "9"]
[EventType "swiss"]
[EventDate "2006.06.03"]

1. f4 d5 2. Nf3 g6 3. e3 Bg7 4. d4 Bg4 5. h3 Bxf3 6. Qxf3 Nf6 7. Bd3 e6 8. Bd2
O-O 9. g4 c5 10. c3 c4 11. Bc2 Nc6 12. h4 h5 13. gxh5 Nxh5 14. Qf2 Ne7 15. Bd1
Nf5 16. Bxh5 gxh5 17. Ke2 Nh6 18. Na3 Ng4 19. Qf3 f5 20. Nc2 Bf6 21. Be1 Qb6
22. Rb1 Qa5 23. Nb4 Be7 24. a3 Kf7 25. Kd2 Rg8 26. Bf2 Nf6 27. Rbg1 Rg4 28.
Rxg4 hxg4 29. Qe2 Rh8 30. Qe1 Qd8 31. Kc1 Ne4 32. h5 Nf6 33. Qd1 a5 34. Nc2
Rxh5 35. Rxh5 Nxh5 36. Ne1 b5 37. Ng2 Nf6 38. Qh1 Kg7 39. Bh4 Ne4 40. Be1 Qh8
41. Qg1 Qh3 42. Bf2 b4 43. axb4 axb4 44. cxb4 Bxb4 0-1

[Event "DEM U16 2006"]
[Site "Willingen GER"]
[Date "2006.06.06"]
[Round "5"]
[White "Müller, Jan-Hendrik"]
[Black "Savchenko, Aleksij"]
[Result "1/2-1/2"]
[Termination "normal"]
[Board "11"]
[WhiteElo "1978"]
[BlackElo "2074"]
[PlyCount "33"]
[WhiteFideId "24615048"]
[BlackFideId "24611727"]
[EventCountry "GER"]
[EventRounds "9"]
[EventType "swiss"]
[EventDate "2006.06.03"]

1. e4 c5 2. Nf3 e6 3. c4 d6 4. Nc3 Nf6 5. Be2 Be7 6. O-O O-O 7. d4 cxd4 8. Nxd4
a6 9. Be3 Qc7 10. Qd2 b6 11. a3 Bb7 12. f3 Nbd7 13. b4 Rac8 14. Rac1 Qb8 15.
Nb3 Bd8 16. Bf4 Bc7 17. Rfd1 1/2-1/2

[Event "DEM U16 2006"]
[Site "Willingen GER"]
[Date "2006.06.06"]
[Round "5"]
[White "Fink, Leander"]
[Black "Becker, Carsten"]
[Result "1-0"]
[Termination "normal"]
[Board "12"]
[WhiteElo "1997"]
[BlackElo "1840"]
[PlyCount "65"]
[WhiteFideId "24605247"]
[BlackFideId "24646822"]
[EventCountry "GER"]
[EventRounds "9"]
[EventType "swiss"]
[EventDate "2006.06.03"]

1. e4 e6 2. d3 c5 3. Nf3 Nc6 4. Nbd2 d5 5. g3 Nf6 6. Bg2 Be7 7. O-O b6 8. Re1
Bb7 9. e5 Nd7 10. Nf1 Qc7 11. Bf4 O-O-O 12. Ne3 Nf8 13. c3 h6 14. h4 Nh7 15.
Ng4 Rdg8 16. d4 h5 17. Ne3 g5 18. hxg5 Nxg5 19. Nxg5 Bxg5 20. Bxg5 Rxg5 21. b4
c4 22. Qd2 Rhg8 23. a4 Ne7 24. Bh3 h4 25. g4 f5 26. exf6 Nf5 27. Nxf5 Rxf5 28.
Rxe6 Qf7 29. Rae1 Kb8 30. Re8+ Bc8 31. Rxg8 Qxg8 32. Qh6 Rf3 33. Qg7 1-0

[Event "DEM U16 2006"]
[Site "Willingen GER"]
[Date "2006.06.06"]
[Round "5"]
[White "Schwenke, Vincent"]
[Black "Holgert, Michael"]
[Result "0-1"]
[Termination "normal"]
[Board "13"]
[WhiteElo "1794"]
[BlackElo "1863"]
[PlyCount "72"]
[WhiteFideId "24620467"]
[BlackFideId "24668990"]
[EventCountry "GER"]
[EventRounds "9"]
[EventType "swiss"]
[EventDate "2006.06.03"]

1. e4 c5 2. d3 Nc6 3. g3 e6 4. Bg2 Nf6 5. f4 d5 6. e5 Nd7 7. Nf3 b5 8. c3 Nb6
9. O-O Be7 10. h3 O-O 11. Kh2 f6 12. d4 fxe5 13. fxe5 Bd7 14. Qe2 c4 15. a3 Be8
16. Be3 Bg6 17. Ne1 a5 18. Rxf8+ Qxf8 19. Qf3 b4 20. axb4 Qxf3 21. Nxf3 axb4
22. Rxa8+ Nxa8 23. Nbd2 bxc3 24. bxc3 Nb6 25. Nf1 Na4 26. Bd2 Na7 27. Ne3 Nb5
28. Nd1 Bc2 29. Ne3 Bb3 30. Bf1 Naxc3 31. Ng2 Na2 32. Nf4 Kf7 33. Kg2 Na3 34.
Ne2 Nb1 35. Nc1 Nxd2 36. Nxa2 Nxf3 0-1